00447nam a2200169 a 4500001001300000003000900013005001700022008004100039020000900080082001600089100002800105245001900133260005300152300000900205500003500214700002800249nice12345678IN_TiNIC20260116015210.0091231s1973 luca grp 000 0 eng  ac3400a922.97bNAD aNadwi, A Abul Hasan Ali aGolry of Iqbal aLucknowbIslamic Research and Publicationsc1973 a235p aincludes index and biblioraphy1 aNadwi, A Abul Hasan Ali